| 000 | 00616nam a2200181 i 4500 | ||
|---|---|---|---|
| 001 | 41362 | ||
| 003 | ES-MaACL | ||
| 005 | 20230906160422.0 | ||
| 007 | t| | ||
| 008 | 030310s1912 sp ||||1| spa d | ||
| 100 | 1 |
_aCasadesús Vila, José. _936001 |
|
| 245 | 1 | 0 |
_aWellington _b: conferencia dada en el Ateneo Barcelonés a 3 de mayo de 1912 / _cJosé Casadesús. |
| 260 |
_aMadrid : _bR. Velasco, _c1912. |
||
| 300 |
_a27 p. : _b1 retr. ; _c21 cm. |
||
| 594 | _aPrecede al tit.: Centenario de las Córtes de Cádiz. | ||
| 600 | 0 | 4 |
_aWellington, Arthur Wellesley _cDuke of. _9116448 |
| 852 |
_aES-MaACL _jT-1333-F-2 |
||
| 999 |
_c41362 _d41362 |
||